000 00637nam a2200241Ia 4500
003 OSt
005 20221007070821.0
006 a|||||r|||| 00| 0
007 ta
008 221006b |||||||| |||| 00| 0 eng d
020 _a0398031681
024 _a19,008
037 _cTextual
040 _aFLL
_cFLL
_beng
041 _2eng
_aeng
082 _aZ:5, L5
100 _aWise Edward M.
_9687747
245 0 _aStudies in comparative criminal law
260 _aIllinois
_bCharles C Thomas Publisher Illinois
_c1975
300 _a328p
_ccm.
942 _hZ:5, L5
_cTEXL
_2CC
999 _c1141611
_d1141611